|
|
|
|
| LEADER |
00569mam a2200169 a 4500 |
| 020 |
|
|
|a 1859848206
|
| 020 |
|
|
|a 1859841759 (pbk.)
|
| 082 |
|
|
|a 979.4
|b KLE/H
|
| 100 |
1 |
|
|a Klein, Norman M.
|
| 245 |
1 |
4 |
|a The history of forgetting :
|b Los Angeles and the erasure of memory /
|
| 260 |
|
|
|a London ;
|a New York :
|b Verso,
|c 1997.
|
| 300 |
|
|
|a 330 p. ;
|
| 490 |
1 |
|
|a Haymarket series
|
| 650 |
|
0 |
|a Memory.
|
| 942 |
|
|
|c BK
|
| 999 |
|
|
|c 100072
|d 100072
|
| 952 |
|
|
|0 0
|1 0
|4 0
|6 979_400000000000000_KLE_H
|7 0
|9 93358
|a SSS
|b SSS
|c GEN
|d 2012-03-20
|g 1342.50
|l 0
|o 979.4 KLE/H
|p SSS04091
|r 2012-03-20
|w 2012-03-20
|y BK
|